000 00404nam a22001457a 4500
005 20200620130826.0
008 200620b xxu||||| |||| 00| 0 eng d
082 _a345.4 AIR
110 _aALL INDIA REPORTER
_96271
245 _aALL INDIA REPORTER,[NOVEMBER-2019] [11] VOL-126, [PART-1271]
260 _aMUMBAI
_bALL INDIA REPORTER, PVT. LTD.
300 _a272;p
650 _aLAW
_95701
942 _cJRL
999 _c7387
_d7385